000 00209 a2200085 4500
041 _aspa
100 _ajorge Eduardo Arellano
245 _arevista de la Academia de Geografia e historia de Nicaragua
942 _cBK
999 _c30678
_d30676